|
|
|
|
| LEADER |
00000nam0a2200000 4500 |
| 001 |
80234 |
| 005 |
20231101213111.0 |
| 035 |
|
|
|a (RuTPU)RU\TPU\book\86235
|
| 090 |
|
|
|a 80234
|
| 100 |
|
|
|a 20050902d1975 k y0rusy50 ca
|
| 101 |
0 |
|
|a rus
|
| 102 |
|
|
|a SU
|
| 105 |
|
|
|a ach bz 001zd
|
| 200 |
1 |
|
|a Судьба библиотеки и архива Ломоносова
|f Е. С. Кулябко, Е. Б. Бешенковский
|g Архив АН СССР; Государственная библиотека СССР им. Ленина; под ред. Д. С. Лихачева
|
| 210 |
|
|
|a Ленинград
|c Наука
|d 1975
|
| 215 |
|
|
|a 227 с.
|c ил.
|d 22 см
|
| 320 |
|
|
|a Приложение:[Каталог библиотеки Г. Г.Орлова] с. 144-215
|
| 320 |
|
|
|a Именной указатель: с. 216-226.
|
| 320 |
|
|
|a Библиография в примечаниях.
|
| 600 |
|
1 |
|a Ломоносов
|g Михаил Васильевич
|b М. В.
|c учёный-естествоиспытатель, поэт, историк, художник, деятель просвещения, науки и экономики
|f 1711-1765
|2 stltpush
|3 (RuTPU)RU\TPU\pers\975
|
| 600 |
|
1 |
|a Орлов
|b Г. Г.
|c русский граф
|c фаворит Екатерины II
|f 1734-1783
|g Григорий Григорьевич
|2 stltpush
|3 (RuTPU)RU\TPU\pers\12051
|9 3137
|
| 600 |
|
1 |
|a Лихачев
|b Д. С.
|c литературовед и общественный деятель
|c академик РАН
|f 1906-1999
|g Дмитрий Сергеевич
|2 stltpush
|3 (RuTPU)RU\TPU\pers\14350
|
| 610 |
1 |
|
|a личные библиотеки
|
| 610 |
1 |
|
|a частные собрания
|
| 610 |
1 |
|
|a архивы
|
| 610 |
1 |
|
|a библиотека Г. Г. Орлова
|
| 610 |
1 |
|
|a история библиотек
|
| 610 |
1 |
|
|a 18 век
|
| 610 |
1 |
|
|a библиотека Ломоносова
|
| 675 |
|
|
|a 027
|v 3
|
| 686 |
|
|
|a Ч734(2)729
|2 rubbk
|
| 700 |
|
1 |
|a Кулябко
|b Е. С.
|g Елена Сергеевна
|
| 701 |
|
1 |
|a Бешенковский
|b Е. Б.
|g Евгений Бениаминович
|
| 702 |
|
1 |
|a Лихачев
|b Д. С.
|g Дмитрий Сергеевич
|4 340
|
| 712 |
0 |
2 |
|a Академия наук СССР (АН СССР)
|b Архив
|c (Москва, Ленинград)
|2 stltpush
|3 (RuTPU)RU\TPU\col\5501
|
| 712 |
0 |
2 |
|a Государственная библиотека СССР им. Ленина
|
| 801 |
|
1 |
|a RU
|b 63413507
|c 20050902
|g PSBO
|
| 801 |
|
2 |
|a RU
|b 63413507
|c 20220606
|g PSBO
|
| 942 |
|
|
|c BK
|